000 00972nam a2200277 a 4500
001 000025984
003 DO-SdBPM
005 20250620104049.0
007 ta
008 110225s2000 dr 000 0 spa d
040 _aDO-SdBNP
_bspa
_cBPMSU
_erda
082 4 _a324.27293
_bH557h 2000
_222
100 1 _aHernández Florentino, Rafael Enrique
_eautor
245 1 0 _aHistoria no autorizada del Partido de la Liberación Dominicana (PLD) 1973-1986 /
_cRafael Enrique Hernández Florentino.
264 _aSanto Domingo :
_bEditorial Argumentos,
_c2000.
300 _a83 Págians . ;
_c21 cm.
336 _atexto
_btxt
_2rdacontent
337 _asin mediación
_bn
_2rdamedia
338 _avolumen
_bnc
_2rdacarrierr
504 _aBibliografía : páginas. 83
590 _aInventariado, 2025/VM
650 7 _aPartidos políticos
_zRepública Dominicana
650 7 _aPartido de la liberación dominicana
910 _aVMateo V. Control de calidad. BPMSU
942 _2ddc
_cBK
999 _c7371
_d7371